<?xml version="1.0" encoding="UTF-8"?>
<record
    xmlns:xsi="http://www.w3.org/2001/XMLSchema-instance"
    xsi:schemaLocation="http://www.loc.gov/MARC21/slim http://www.loc.gov/standards/marcxml/schema/MARC21slim.xsd"
    xmlns="http://www.loc.gov/MARC21/slim">

  <leader>00843cam a2200241   4500</leader>
  <controlfield tag="005">20251009120955.0</controlfield>
  <controlfield tag="008">251009b        sp ||||| |||| 00| 0 spa d</controlfield>
  <datafield tag="020" ind1=" " ind2=" ">
    <subfield code="a">8481555509</subfield>
  </datafield>
  <datafield tag="050" ind1="0" ind2="0">
    <subfield code="a">HC173 </subfield>
    <subfield code="b">A73 1999</subfield>
  </datafield>
  <datafield tag="100" ind1="1" ind2=" ">
    <subfield code="a">Arasa Medina, Carmen</subfield>
  </datafield>
  <datafield tag="245" ind1="1" ind2="0">
    <subfield code="a">Desarrollo econ&#xF3;mico </subfield>
    <subfield code="b"> : teor&#xED;a y pol&#xED;tica  </subfield>
    <subfield code="c"> / Carmen Arasa, Jos&#xE9; Miguel Andreu ; con la colaboraci&#xF3;n de Carmen Cabrero y Cristina Calvo.</subfield>
  </datafield>
  <datafield tag="250" ind1=" " ind2=" ">
    <subfield code="a">1a ed.</subfield>
  </datafield>
  <datafield tag="260" ind1=" " ind2=" ">
    <subfield code="a">Madrid : </subfield>
    <subfield code="b">Dykinson, </subfield>
    <subfield code="c">1999</subfield>
  </datafield>
  <datafield tag="300" ind1=" " ind2=" ">
    <subfield code="a">371 p. :</subfield>
    <subfield code="b">il. ;</subfield>
    <subfield code="c">25 cm.</subfield>
  </datafield>
  <datafield tag="504" ind1=" " ind2=" ">
    <subfield code="a">Incluye p&#xE9;ndice, bibliograf&#xED;a : p. 341-345 e &#xED;ndice 
</subfield>
  </datafield>
  <datafield tag="506" ind1=" " ind2=" ">
    <subfield code="a">PIFI 2003</subfield>
  </datafield>
  <datafield tag="650" ind1=" " ind2="4">
    <subfield code="a">Desarrollo econ&#xF3;mico.</subfield>
  </datafield>
  <datafield tag="650" ind1=" " ind2="4">
    <subfield code="a">Pol&#xED;tica econ&#xF3;mica</subfield>
  </datafield>
  <datafield tag="700" ind1="1" ind2=" ">
    <subfield code="a">Andreu, Jos&#xE9; Miguel  </subfield>
    <subfield code="e">autor.</subfield>
  </datafield>
  <datafield tag="700" ind1="1" ind2=" ">
    <subfield code="a">Cabrero, Carmen</subfield>
    <subfield code="e">colaborador.</subfield>
  </datafield>
  <datafield tag="700" ind1="1" ind2=" ">
    <subfield code="a">Calvo, Cristina</subfield>
    <subfield code="e">colaborador.</subfield>
  </datafield>
  <datafield tag="942" ind1=" " ind2=" ">
    <subfield code="2">lcc</subfield>
    <subfield code="c">LIB</subfield>
  </datafield>
  <datafield tag="999" ind1=" " ind2=" ">
    <subfield code="c">97252</subfield>
    <subfield code="d">97252</subfield>
  </datafield>
  <datafield tag="952" ind1=" " ind2=" ">
    <subfield code="1">0</subfield>
    <subfield code="2">lcc</subfield>
    <subfield code="4">0</subfield>
    <subfield code="7">8</subfield>
    <subfield code="a">LIC-029</subfield>
    <subfield code="b">LIC-029</subfield>
    <subfield code="c">GENERAL</subfield>
    <subfield code="d">2025-10-08</subfield>
    <subfield code="e">FOMES-2003</subfield>
    <subfield code="f">1a ed.</subfield>
    <subfield code="h"> </subfield>
    <subfield code="i">CEA</subfield>
    <subfield code="k">CSA</subfield>
    <subfield code="o">HC173 A73 1999</subfield>
    <subfield code="p">BFE000010928</subfield>
    <subfield code="r">2017-03-30 00:00:00</subfield>
    <subfield code="t">1</subfield>
    <subfield code="v">1.00</subfield>
    <subfield code="y">LIB</subfield>
  </datafield>
  <datafield tag="952" ind1=" " ind2=" ">
    <subfield code="1">0</subfield>
    <subfield code="2">lcc</subfield>
    <subfield code="4">0</subfield>
    <subfield code="7">0</subfield>
    <subfield code="a">LIC-029</subfield>
    <subfield code="b">LIC-029</subfield>
    <subfield code="c">GENERAL</subfield>
    <subfield code="d">2025-10-08</subfield>
    <subfield code="e">UA</subfield>
    <subfield code="f">1a ed.</subfield>
    <subfield code="h"> </subfield>
    <subfield code="i">CEA</subfield>
    <subfield code="k">CSA</subfield>
    <subfield code="o">HC173 A73 1999</subfield>
    <subfield code="p">BFE000010929</subfield>
    <subfield code="r">2017-03-30 00:00:00</subfield>
    <subfield code="t">2</subfield>
    <subfield code="v">1.00</subfield>
    <subfield code="y">LIB</subfield>
  </datafield>
</record>
